LEADER 01242nam0 2200313 450 001 000021167 005 20080515100217.0 010 $a88-87027-64-1 100 $a20080327d1999----km-y0itaa50------ba 101 0 $aita 102 $aIT 200 1 $aAnima e corpo nella cultura medievale$eatti del 5. Convegno di studi della Società italiana per lo studio del pensiero medievale, Venezia, 25-28 settembre 1995$fa cura di Carla Casagrande e Silvana Vecchio 210 $aFirenze$cSISMEL edizioni del Galluzzo$dc1999 215 $a331 p.$cill.$d25 cm 225 2 $aMillennio medievale$v15 410 1$12001$aMillennio medievale$v15 606 1 $aAnima$xConcezione$zSec. 11.-13. 676 $a128.1$v(21. ed.)$9Genere umano. Anima 702 1$aCasagrande,$bCarla 702 1$aVecchio,$bSilvana 801 0$aIT$bUniversità della Basilicata - B.I.A.$gRICA$2unimarc 912 $a000021167 996 $aAnima e corpo nella cultura medievale$988968 997 $aUNIBAS BAS $aLETTERE CAT $aSTD061$b01$c20080327$lBAS01$h1350 CAT $aMDL$b30$c20080515$lBAS01$h1002 FMT Z30 -1$lBAS01$LBAS01$mBOOK$1BASA1$APolo Storico-Umanistico$2DID$BDidattica$3FM/106882$6106882$5L106882$820080327$f04$FPrestabile Didattica LEADER 01302nam 2200361Ia 450 001 996383875403316 005 20221108054753.0 035 $a(CKB)1000000000596735 035 $a(EEBO)2248516390 035 $a(UnM)99900604 035 $a(EXLCZ)991000000000596735 100 $a19940330d1611 uy | 101 0 $aeng 135 $aurbn||||a|bb| 200 10$aChrists kingdome$b[electronic resource] $eDescribed in seuen fruitfull sermons vpon the second Psalme. By Richard Web preacher of Gods word. The contents whereof follows after the epistles 210 $aLondon $cprinted by Nicholas Okes for Henry Rockit, and are to be sold at his shop in the Poultry, vnder S. Mildreds Diall$d1611 215 $a[12], 192 p 300 $aA variant of the 1610 edition. 300 $aCopy at reel 2087 has print faded on title page. 300 $aReproduction of original in the Folger Shakespeare Library. 330 $aeebo-0055 606 $aSermons, English$y17th century 615 0$aSermons, English 700 $aWebb$b Richard$cpreacher of God's word.$0811586 801 0$bCu-RivES 801 1$bCu-RivES 801 2$bCStRLIN 801 2$bCu-RivES 801 2$bWaOLN 906 $aBOOK 912 $a996383875403316 996 $aChrists kingdome$92302375 997 $aUNISA